000 01364cam a2200373 4500
001 10732
005 20230410103646.0
008 060907n1998 sp spa
035 _9funglode10816
020 _a8437616336
020 _a9788437616339
035 _a(OCoLC)55407237
041 1 _aspa
_hfre
043 _amm-----
050 1 4 _a300 DE 71
_bB825m 1998
082 0 0 _a930.09822
049 _aGRAL
100 1 _aBraudel, Fernand,
_d1902-1985.
245 1 0 _aMemorias del Mediterraneo :
_bprehistoria y antiguedad /
_cFernand Braudel ; edicion de Roselyne Ayala y Paule Braudel ; prefacio y notas de Jean Guilaine, profesor del College de France y Pierre Rouillard, director de investigacion del C.N.R.S. ; traduccion de Alicia Martorell.
246 1 _iTítulo original:
_aLes memoires de la Mediterranee
260 _aMadrid :
_bEdiciones Cátedra,
_c1998.
300 _a381 p. :
_bil., mapas ;
_c21 cm.
504 _aIncluye notas bibliográficas.
500 _aIncluye indice.
651 0 _aMediterranean Region
_xCivilization.
650 0 _aAntiquities, Prehistoric
_zMediterranean Region.
650 0 _aHistorical geography.
650 0 _aCulture diffusion
_zMediterranean Region.
700 1 _aAyala, Roselyne de.
700 1 _aBraudel, Paule.
700 1 _aGuilaine, Jean.
700 1 _aRouillard, Pierre.
942 _2lcc
_cbk
999 _c23391
_d23391